Catálogo

PRINCIPLES OF MACROECONOMICS : (Registro nro. 49435)

Detalles MARC
000 -LEADER
fixed length control field 00815nam a2200193 a 4500
001 - CONTROL NUMBER
control field 49435
005 - DATE AND TIME OF LATEST TRANSACTION
control field 20180714034131.0
008 - FIXED-LENGTH DATA ELEMENTS--GENERAL INFORMATION
fixed length control field 140415d 000 0 eng d
020 ## - INTERNATIONAL STANDARD BOOK NUMBER
International Standard Book Number 0134408683
041 ## - LANGUAGE CODE
Language code of text/sound track or separate title eng
082 ## - DEWEY DECIMAL CLASSIFICATION NUMBER
Classification number 339
Item number BEV
100 1# - MAIN ENTRY--PERSONAL NAME
Personal name BEVERIDGE, THOMAS H.
245 10 - TITLE STATEMENT
Title PRINCIPLES OF MACROECONOMICS :
Remainder of title STUDY GUIDE
250 ## - EDITION STATEMENT
Edition statement 4ed.
260 ## - PUBLICATION, DISTRIBUTION, ETC.
Place of publication, distribution, etc. [s.l.] :
Name of publisher, distributor, etc. PRENTICE-HALL, INC.,
Date of publication, distribution, etc. [s.f.]
300 ## - PHYSICAL DESCRIPTION
Extent
Dimensions 21.1 x 2 x 27.6
520 ## - SUMMARY, ETC.
Summary, etc. THIS STUDY GUIDE HAS BEEN DEVELOPMENT TO ACCOMPANY PRINCIPLES OF MACROECONOMICS, THIS GUIDE TO HELP YOU AS YOU LEARN THE CONCEPTS THAT ARE PRESENTEN IN TEH TEXT; IF USED CONSISTENLY THROUHOUT YOUR COURSE THIS GUIDE CAN ENEABLE YOU MASTER THE MATERIAL IN WHAT IS LIKELY TO BE YOUR FIRTS OR SECOND ECONOMICS COURSE.
650 14 - SUBJECT ADDED ENTRY--TOPICAL TERM
Topical term or geographic name entry element MACROECONOMIA
Existencias
Withdrawn status Lost status Source of classification or shelving scheme Damaged status Not for loan Collection code Home library Current library Shelving location Date acquired Source of acquisition Inventory number Total Checkouts Full call number Barcode Date last seen Date last checked out Price effective from Koha item type
    Dewey Decimal Classification     General Biblioteca Karol Wojtyla Biblioteca Karol Wojtyla Sala general 03/12/2013 Compra 151000000000000000051307   339 BEV 73898 05/01/2026 18/04/2017 03/12/2013 Libro